Geriatric physical therapy / (Record no. 37572)
[ view plain ]
| 000 -LEADER | |
|---|---|
| fixed length control field | 00578cam a2200181 4500 |
| 008 - FIXED-LENGTH DATA ELEMENTS--GENERAL INFORMATION | |
| fixed length control field | 171009n 000 0 eng u |
| 020 ## - INTERNATIONAL STANDARD BOOK NUMBER | |
| International Standard Book Number | 9780323029483 |
| 035 ## - SYSTEM CONTROL NUMBER | |
| System control number | (Sirsi) a204939 |
| 050 ## - LIBRARY OF CONGRESS CALL NUMBER | |
| Classification number | RC 953.8 GER 2012 |
| 245 ## - TITLE STATEMENT | |
| Title | Geriatric physical therapy / |
| Statement of responsibility, etc. | edited by Andrew A. Guccione. |
| 250 ## - EDITION STATEMENT | |
| Edition statement | 3rd ed. |
| 260 ## - PUBLICATION, DISTRIBUTION, ETC. | |
| Place of publication, distribution, etc. | St. Louis : |
| Name of publisher, distributor, etc. | Mosby, |
| Date of publication, distribution, etc. | 2012. |
| 300 ## - PHYSICAL DESCRIPTION | |
| Extent | xii, 611p.: |
| Other physical details | ill. |
| 504 ## - BIBLIOGRAPHY, ETC. NOTE | |
| Bibliography, etc. note | Includes bibliographical references and index. |
| 650 ## - SUBJECT ADDED ENTRY--TOPICAL TERM | |
| Topical term or geographic name entry element | Physical Therapy Modalities. |
| 650 ## - SUBJECT ADDED ENTRY--TOPICAL TERM | |
| Topical term or geographic name entry element | Physical therapy for older people. |
| 700 ## - ADDED ENTRY--PERSONAL NAME | |
| Personal name | Guccione, Andrew. |
| Withdrawn status | Lost status | Source of classification or shelving scheme | Damaged status | Not for loan | Home library | Current library | Shelving location | Total Checkouts | Full call number | Barcode | Date last seen | Copy number | Price effective from | Koha item type |
|---|---|---|---|---|---|---|---|---|---|---|---|---|---|---|
| Library of Congress Classification | Medical Library | Medical Library | On Shelf | RC 953.8 GUC 2012 | 33729004834870 | 08/13/2019 | 1 | 08/13/2019 | Book | |||||
| Library of Congress Classification | Medical Library | Medical Library | On Shelf | RC 953.8 GUC 2012 | 33729004832197 | 08/13/2019 | 2 | 08/13/2019 | Book |